| 000 | 00537nam a2200205Ia 4500 | ||
|---|---|---|---|
| 005 | 20221201113511.0 | ||
| 008 | 131103s9999 xx 000 0 und d | ||
| 020 | _a019577364 0 | ||
| 040 | _aLoreto College | ||
| 041 | _aEnglish | ||
| 082 |
_a954.9 _bKEN |
||
| 100 | _aKennedy,Charles H. | ||
| 245 |
_aBureaucracy in Pakistan _cCharles H.Kennedy |
||
| 260 |
_aKarachi _bOxford University Press _c1987 |
||
| 300 |
_a246 p. _b tables |
||
| 504 | _aIncludes index | ||
| 650 | _aPakistan Bureaucracy | ||
| 850 | _aLCLIB | ||
| 942 | _cBK | ||
| 999 |
_c10269 _d60748 |
||